000 00851cam a2200253 a 4500
005 20260322212029.0
008 data
010 _a 88083874
020 _a0836218353
020 _a9780836218350
040 _aDLC
_cDLC
_dDLC
050 0 0 _aPN6728.C34
_bW388 1989
082 0 0 _a741.5/73
_220
099 _aWATTEB
100 1 _aWatterson, Bill.
240 1 0 _aCalvin and Hobbes.
_kSelections
245 1 0 _aYukon ho! :
_ba Calvin and Hobbes collection /
_cBill Watterson.
260 _aKansas City, Mo. :
_bAndrews and McMeel,
_cc1989.
300 _a126 p. :
_bchiefly ill. ;
_c23 cm.
655 0 _aComic books, strips, etc.
856 4 2 _3Contributor biographical information
_uhttp://www.loc.gov/catdir/enhancements/fy0835/88083874-b.html
856 4 2 _3Publisher description
_uhttp://www.loc.gov/catdir/enhancements/fy0835/88083874-d.html
001 data
999 _c663
_d663